| 000 | 00966cam a2200265 i 4500 | ||
|---|---|---|---|
| 001 | 17725731 | ||
| 003 | ARRUPE | ||
| 005 | 20220413122146.0 | ||
| 008 | 130506s2013 miua b 001 0 eng | ||
| 010 | _a 2013017852 | ||
| 020 | _a9780801039119 (pbk.) | ||
| 040 |
_aDLC _beng _cDLC _erda |
||
| 042 | _apcc | ||
| 050 | 0 | 0 |
_aBR100 _b.B25 2013 |
| 082 | 0 | 0 |
_a230.01 _223 |
| 100 | 1 |
_aBartholomew, Craig G., _d1961- _eauthor _92553 |
|
| 245 | 1 | 0 |
_aChristian philosophy : _ba systematic and narrative introduction / _cCraig G. Bartholomew, Michael W. Goheen. |
| 300 |
_axii, 289 pages : _billustrations ; _c23 cm |
||
| 504 | _aIncludes bibliographical references (pages 271-278) and index. | ||
| 650 | 0 |
_aChristian philosophy. _917920 |
|
| 700 | 1 |
_aGoheen, Michael W., _d1955- _943658 |
|
| 906 |
_a7 _bcbc _corignew _d1 _eecip _f20 _gy-gencatlg |
||
| 942 |
_2lcc _cMONOGRAPH |
||
| 999 |
_c131308 _d131308 |
||